000 00372 a2200121 4500
005 20250318100835.0
082 _a421.55 FLE
100 _aFLESCH, R.
245 _aHow to Write, Speak and Think more Effectively: A Complete, Step-by-Step Course in the Art of Communication
260 _aNew York,
_bHarper & Row,
_c1946.
300 _axi, 362p.
_bIndex.
_c22cm.
942 _2ddc
_cBKS
999 _c889
_d889